Neighborhoods of Akron - Statistics

General Stats
  • This quiz has been taken 44 times
  • The average score is 8 of 21
Answer Stats
First Letter Population Average Home Value Answer % Correct
D 3,339 $120,037 Downtown
77%
E 20,443 $106,895 Ellet
77%
K 18,190 $74,858 Kenmore
68%
H 7,848 $121,385 Highland Square
55%
W 16,741 $91,268 West Akron
55%
N 15,983 $79,501 North Hill
50%
E 13,517 $73,496 East Akron
45%
G 15,242 $82,182 Goodyear Heights
45%
S 8,852 $64,504 South Akron
45%
C 4,934 $91,281 Chapel Hill
36%
F 2,175 $236,400 Fairlawn Heights
32%
F 9,967 $102,585 Firestone Park
32%
W 5,600 $154,423 Wallhaven
32%
M 5,405 $53,139 Middleburry
27%
S 7,954 $75,914 Sherbondy Hill
27%
S 3,981 $76,837 Summit Lake
27%
U 8,329 $59,628 University Park
23%
C 2,218 $76,434 Cascade Valley
18%
W 3,117 $107,446 West Hill
14%
N 11,478 $164,017 Northwest Akron
9%
M 2,807 $261,094 Merriman Hills
0%
No matching quizzes found
Score Distribution
Percent of People with Each Score
Percentile by Number Answered
Your Score History
You have not taken this quiz